|
|
|
|
| LEADER |
00000cas a2200000 c 4500 |
| 001 |
1003430708 |
| 003 |
DE-627 |
| 005 |
20260408145209.0 |
| 007 |
cr cn|024|paap |
| 008 |
171109c20019999gw z| m|o 0 |0ger c |
| 016 |
7 |
|
|a 1143871154
|2 DE-101
|
| 016 |
7 |
|
|a 2910850-0
|2 DE-600
|
| 035 |
|
|
|a (DE-627)1003430708
|
| 035 |
|
|
|a (DE-576)495196894
|
| 035 |
|
|
|a (DE-599)ZDB2910850-0
|
| 035 |
|
|
|a (OCoLC)1366382502
|
| 040 |
|
|
|a DE-627
|b ger
|c DE-627
|e rda
|
| 041 |
|
|
|a ger
|
| 044 |
|
|
|c XA-DE
|
| 082 |
0 |
|
|a 492.05
|q SEPA
|
| 082 |
0 |
4 |
|a 890
|q DE-600
|
| 084 |
|
|
|a 6,23
|2 ssgn
|
| 084 |
|
|
|a NAHOST
|q DE-3
|2 fid
|
| 084 |
|
|
|a 15.76
|2 bkl
|
| 084 |
|
|
|a 15.91
|2 bkl
|
| 084 |
|
|
|a 11.84
|2 bkl
|
| 245 |
0 |
0 |
|a Orientwissenschaftliche Hefte
|c herausgegeben vom Zentrum für Interdisziplinäre Regionalstudien der Martin-Luther-Universität Halle-Wittenberg
|
| 246 |
1 |
|
|i Titelzusatz früher
|a OWH
|
| 264 |
3 |
1 |
|a Halle (Saale)
|b OWZ
|c 2001-
|
| 336 |
|
|
|a Text
|b txt
|2 rdacontent
|
| 337 |
|
|
|a Computermedien
|b c
|2 rdamedia
|
| 338 |
|
|
|a Online-Ressource
|b cr
|2 rdacarrier
|
| 362 |
0 |
|
|a 1 (2001)-
|
| 363 |
0 |
1 |
|a 1
|i 2001
|
| 500 |
|
|
|a Herausgebendes Organ früher: Orientwissenschaftliches Zentrum der Martin-Luther-Universität Halle-Wittenberg
|
| 500 |
|
|
|a Reproduktion
|
| 530 |
|
|
|a Online-Ausgabe: Halle, Saale : ULB, 2017. N/A.
|
| 533 |
|
|
|a Reproduktion
|b Halle, Saale
|c ULB
|d 2017
|n Online-Ausgabe: Halle, Saale : ULB, 2017. N/A
|7 |2017||||||||||
|
| 583 |
1 |
|
|a Archivierung/Langzeitarchivierung gewährleistet
|2 pdager
|5 DE-3
|
| 655 |
|
7 |
|a Monografische Reihe
|0 (DE-588)4179998-7
|0 (DE-627)104628669
|0 (DE-576)209995106
|2 gnd-content
|
| 655 |
|
7 |
|a Schulprogramm
|0 (DE-588)4077211-1
|0 (DE-627)106080849
|0 (DE-576)209204362
|2 gnd-content
|
| 710 |
2 |
|
|a Martin-Luther-Universität Halle-Wittenberg
|b Zentrum für Interdisziplinäre Regionalstudien
|e Herausgebendes Organ
|0 (DE-588)16063686-3
|0 (DE-627)714704318
|0 (DE-576)322759692
|4 isb
|
| 710 |
2 |
|
|a Martin-Luther-Universität Halle-Wittenberg
|b Orientwissenschaftliches Zentrum
|e Herausgebendes Organ
|0 (DE-588)10021668-7
|0 (DE-627)329969595
|0 (DE-576)198479492
|4 isb
|
| 776 |
1 |
|
|x 1617-2469
|
| 776 |
0 |
8 |
|i Elektronische Reproduktion von
|t Orientwissenschaftliche Hefte
|d Halle (Saale) : OWZ, 2001
|w (DE-627)329637908
|w (DE-600)2048744-7
|w (DE-576)106532820
|x 1617-2469
|
| 856 |
4 |
0 |
|u http://menadoc.bibliothek.uni-halle.de/
|x Verlag
|z kostenfrei
|7 0
|
| 935 |
|
|
|a MENAdoc
|
| 935 |
|
|
|h SWB
|i ld
|
| 936 |
b |
k |
|a 15.76
|j Vorderer und mittlerer Orient
|x Geschichte
|q SEPA
|0 (DE-627)181571064
|
| 936 |
b |
k |
|a 15.91
|j Nordafrika
|x Geschichte
|q SEPA
|0 (DE-627)181570653
|
| 936 |
b |
k |
|a 11.84
|j Islam: Sonstiges
|q SEPA
|0 (DE-627)106404075
|
| 936 |
s |
n |
|a e300
|2 mzub
|
| 936 |
s |
n |
|a m200
|2 mzub
|
| 951 |
|
|
|a ST
|
| SPR |
|
|
|a Y
|
| JSO |
|
|
|a {"recId":"1003430708","id":{"eki":["1003430708"],"zdb":["2910850-0"]},"titleAlt":[{"title":"OWH"}],"type":{"bibl":"serial","media":"Online-Ressource"},"language":["ger"],"title":[{"title":"Orientwissenschaftliche Hefte","title_sort":"Orientwissenschaftliche Hefte"}],"origin":[{"publisher":"OWZ","dateIssuedKey":"2001","publisherPlace":"Halle (Saale)","dateIssuedDisp":"2001-"}],"note":["Herausgebendes Organ früher: Orientwissenschaftliches Zentrum der Martin-Luther-Universität Halle-Wittenberg","Reproduktion"],"corporate":[{"role":"isb","display":"Martin-Luther-Universität Halle-Wittenberg"},{"display":"Martin-Luther-Universität Halle-Wittenberg","role":"isb"}],"name":{"displayForm":["herausgegeben vom Zentrum für Interdisziplinäre Regionalstudien der Martin-Luther-Universität Halle-Wittenberg"]},"pubHistory":["1 (2001)-"]}
|
| SRT |
|
|
|a ORIENTWISS2001
|